[Event "Zlota Wieza op 49th"]
[Site "Gniezno"]
[Date "2007.05.20"]
[Round "1"]
[White "Czarnecki, Rafal"]
[Black "Laszewicz, Pawel"]
[Result "0-1"]
[WhiteElo "1600"]
[BlackElo "2211"]
[PlyCount "60"]
[EventDate "2007.05.20"]
[EventType "swiss"]
[EventRounds "9"]
[EventCountry "POL"]
[SourceTitle "EXT 2011"]
[Source "ChessBase"]
[SourceDate "2010.11.26"]
[SourceVersion "1"]
[SourceVersionDate "2010.11.26"]
[SourceQuality "1"]

1. e4 c5 2. Nf3 Nc6 3. d4 cxd4 4. Nxd4 e5 5. Nb3 Nf6 6. Bg5 Be7 7. Bxf6 Bxf6 8. Nc3 0-0 9. Bc4 d6 10. 0-0 a6 11. Nd2 Kh8 12. Nd5 Bg5 13. c3 f5 14. exf5 Bxf5 15. h3 Rc8 16. Bb3 Qe8 17. Nc4 Qg6 18. Nde3 Bxe3 19. Nxe3 Bxh3 20. Bc2 e4 21. f3 Qg5 22. Rf2 Qxe3 23. Bxe4 Bf5 24. Bxf5 Rxf5 25. Qxd6 Rd8 26. Qc7 Rfd5 27. Qxb7 Rd1+ 28. Rxd1 Rxd1+ 29. Kh2 Qh6+ 30. Kg3 Qg5+ 0-1